000
00300 a2200145 4500
001
60625
020
_a
8522200106
040
_c
Anchieta - Pituba
240
1
0
_a
Material pedagógico
_l
por
245
1
0
_a
Material pedagógico
300
_a
258
362
0
_a
1981
650
4
_a
Educação
942
_c
BK
999
_c
60625
_d
60625